Loading...
| Science - Physics | 0 | 8 | 0 | 0 | 80 | 38 | 68.88 | 3 | 6 |
| History - World History | 0 | 3 | 0 | 0 | 30 | 92 | 100.33 | 0 | 0 |
| Literature - World Literature | 0 | 2 | 0 | 0 | 20 | 73 | 76.50 | 0 | 0 |
| Science - Other Science | 0 | 2 | 0 | 0 | 20 | 69 | 83.50 | 0 | 1 |
| Science - Chemistry | 0 | 2 | 0 | 0 | 20 | 44 | 69.00 | 0 | 1 |
| Philosophy | 0 | 2 | 0 | 2 | 20 | 111 | 129.00 | 0 | 0 |
| Social Science | 0 | 2 | 0 | 2 | 20 | 117 | 120.00 | 0 | 0 |
| Mythology | 0 | 1 | 0 | 0 | 10 | 79 | 79.00 | 0 | 0 |
| Fine Arts - Painting and Sculpture | 0 | 1 | 0 | 0 | 10 | 134 | 134.00 | 0 | 1 |
| History - European History | 0 | 1 | 0 | 0 | 10 | 121 | 121.00 | 0 | 0 |
| Literature - British Literature | 0 | 1 | 0 | 0 | 10 | 90 | 90.00 | 0 | 1 |
| Fine Arts - Classical Music | 0 | 1 | 0 | 0 | 10 | 46 | 46.00 | 0 | 1 |
| Other Academic | 0 | 1 | 0 | 1 | 10 | 130 | 130.00 | 0 | 1 |
| Pop Culture | 0 | 1 | 0 | 0 | 10 | 118 | 118.00 | 0 | 0 |
| History - Other History | 0 | 1 | 1 | 0 | 5 | 83 | 83.00 | 0 | 1 |
| Religion | 0 | 0 | 1 | 0 | -5 | 0.00 | 0 | 0 | |
| Literature - European Literature | 0 | 0 | 1 | 0 | -5 | 0.00 | 0 | 0 |